000 00472nab a2200145Ia 4500
003 ES-SlBCS
005 20210601134044.0
008 140529s1982 xxu||||| |||| 00| 0 por d
041 _apor
100 1 _aRezende Bonamigo, Euza María de
_9213009
245 0 0 _aAspectos da Realidade Pré-Escolar Porto-Alegrense
_c Euza María de Rezende Bonamigo
650 0 4 _aEducación-Brasil
_9209067
773 0 _tVeritas
_gvol. 27, nº. 107, 1982, págs. 355-374
_wRev488
942 _cAR
999 _c606374
_d606374